Geschichte der Stadt Dortmund /
Saved in:
| Corporate Author: | |
|---|---|
| Other Authors: | |
| Format: | Book |
| Language: | German |
| Published: |
Dortmund :
Harenberg Verlag,
c1994.
|
| Subjects: | |
| Tags: |
Add Tag
No Tags, Be the first to tag this record!
|
| LEADER | 01079cam a2200277I 4500 | ||
|---|---|---|---|
| 001 | 005406357-4 | ||
| 005 | 20020606163548.3 | ||
| 008 | 950706s1994 gw a b 001 0 ger d | ||
| 020 | |a 3611003972 | ||
| 035 | 0 | |a ocm32773895 | |
| 040 | |a EYM |c EYM |d NYP |d HLS | ||
| 043 | |a e-gx--- | ||
| 050 | 0 | 0 | |a DD901.D6 |b G46 1994 |
| 245 | 0 | 0 | |a Geschichte der Stadt Dortmund / |c Gustav Luntowski ... [et al.] ; herausgegeben vom Stadtarchiv Dortmund. |
| 260 | |a Dortmund : |b Harenberg Verlag, |c c1994. | ||
| 300 | |a 575 p. : |b ill. (some col.) ; |c 23 cm. | ||
| 504 | |a Includes bibliographical references (p. 538-[552]) and indexes. | ||
| 651 | 0 | |a Dortmund (Germany) |x History. | |
| 651 | 0 | |a Dortmund (Germany) |x Economic conditions. | |
| 655 | 7 | |a History. |2 fast | |
| 700 | 1 | |a Luntowski, Gustav. | |
| 710 | 2 | |a Stadtarchiv Dortmund. | |
| 776 | 0 | 8 | |i Online version: |t Geschichte der Stadt Dortmund. |d Dortmund : Harenberg Verlag, ©1994 |w (OCoLC)609321573 |
| 776 | 0 | 8 | |i Online version: |t Geschichte der Stadt Dortmund. |d Dortmund : Harenberg Verlag, ©1994 |w (OCoLC)623872374 |
| 988 | |a 20020608 | ||
| 906 | |0 OCLC | ||


